[Event "Avoine op 24th"]
[Site "Avoine"]
[Date "2009.07.23"]
[Round "6"]
[White "Gastal, Laurent"]
[Black "Ribeiro, Romain"]
[Result "0-1"]
[WhiteElo "1935"]
[BlackElo "2141"]
[PlyCount "63"]
[EventDate "2009.07.18"]
[EventType "swiss"]
[EventRounds "9"]
[EventCountry "FRA"]
[SourceTitle "CBM 131 Extra"]
[Source "ChessBase"]
[SourceDate "2009.09.03"]
[SourceVersion "2"]
[SourceVersionDate "2009.09.16"]
[SourceQuality "1"]

1. e4 c5 2. c3 Nf6 3. e5 Nd5 4. d4 cxd4 5. cxd4 d6 6. Nf3 Nc6 7. Bc4 Nb6 8. Bb5 a6 9. Bxc6+ bxc6 10. 0-0 Bg4 11. h3 Bh5 12. Bf4 e6 13. Nbd2 d5 14. Rc1 Rc8 15. Nb3 Nc4 16. Rc2 Qb6 17. Be3 Qb5 18. Qa1 a5 19. Nbd2 Bg6 20. Rc3 Bb4 21. Nxc4 dxc4 22. Bd2 Bxc3 23. Bxc3 0-0 24. Nh4 Bd3 25. Re1 Qd5 26. Qc1 Kh8 27. f4 Rfd8 28. Qd2 Rd7 29. Qf2 c5 30. f5 cxd4 31. fxe6 fxe6 32. Rf1 0-1

[Event "FRA-chT2 West 0708"]
[Site "France"]
[Date "2008.04.05"]
[Round "10.7"]
[White "Gastal, Laurent"]
[Black "Le Bail, Clara"]
[Result "0-1"]
[WhiteElo "1995"]
[BlackElo "2012"]
[PlyCount "118"]
[EventDate "2007.10.21"]
[EventType "team"]
[EventRounds "11"]
[EventCountry "FRA"]
[SourceTitle "EXT 2009"]
[Source "ChessBase"]
[SourceDate "2008.11.26"]
[SourceVersion "1"]
[SourceVersionDate "2008.11.26"]
[SourceQuality "1"]
[WhiteTeam "Orleans"]
[BlackTeam "Rennes Paul Bert"]
[WhiteTeamCountry "FRA"]
[BlackTeamCountry "FRA"]

1. e4 e6 2. Qe2 c5 3. Nf3 Nc6 4. g3 d6 5. Bg2 e5 6. c3 g6 7. 0-0 Bg7 8. d3 Nge7 9. Nh4 0-0 10. f4 f5 11. exf5 Nxf5 12. Nf3 Re8 13. Ng5 d5 14. Qf3 Nfe7 15. Re1 h6 16. Nh3 Rf8 17. Qe2 Bf5 18. Nd2 Qc8 19. Qf1 g5 20. Nf2 exf4 21. gxf4 g4 22. Nh1 Qd7 23. Ng3 Bg6 24. Nb3 b6 25. Qe2 Rae8 26. Qe6+ Qxe6 27. Rxe6 Nd8 28. Re3 d4 29. cxd4 cxd4 30. Re2 Bxd3 31. Rd2 Bg6 32. Nxd4 Rxf4 33. Nde2 Rff8 34. Rd6 Kh7 35. Nf4 Rf6 36. Rxf6 Bxf6 37. Ne4 Bd4+ 38. Kh1 Nf5 39. Nxg6 Kxg6 40. Bd2 Bxb2 41. Rb1 Bg7 42. Rc1 Ne6 43. Rc6 Nfd4 44. Rd6 Rd8 45. Rxd8 Nxd8 46. Ng3 Nf3 47. Be3 Ng5 48. Bf1 Nde6 49. Bd3+ Kf6 50. Nh5+ Kf7 51. Nxg7 Kxg7 52. Bf5 h5 53. h3 gxh3 54. Kh2 Kf6 55. Bd3 Ke5 56. Kg3 h4+ 57. Kh2 Nf4 58. Ba6 Nf3+ 59. Kh1 Nh5 0-1

[Event "Avoine op 22nd"]
[Site "Avoine"]
[Date "2007.07.26"]
[Round "6"]
[White "Gastal, Laurent"]
[Black "Poirier, Annabelle"]
[Result "1-0"]
[WhiteElo "1993"]
[BlackElo "1580"]
[PlyCount "53"]
[EventDate "2007.07.21"]
[EventType "swiss"]
[EventRounds "9"]
[EventCountry "FRA"]
[SourceTitle "EXT 2010"]
[Source "ChessBase"]
[SourceDate "2010.11.25"]
[SourceVersion "1"]
[SourceVersionDate "2010.11.25"]
[SourceQuality "1"]

1. e4 e5 2. Nf3 Nc6 3. d4 exd4 4. Bc4 a6 5. c3 dxc3 6. Nxc3 Bc5 7. Bxf7+ Kf8 8. Bb3 d6 9. 0-0 Bg4 10. h3 Bh5 11. Qd5 Bg6 12. Be3 Nf6 13. Qd2 Bb4 14. Qe2 Bxc3 15. bxc3 Nxe4 16. Nd4 Nxd4 17. Bxd4 Ng5 18. h4 Nf7 19. h5 Bf5 20. Qf3 Qd7 21. Rfe1 c5 22. Be3 Bg4 23. Qd5 Re8 24. Bf4 b5 25. Rxe8+ Kxe8 26. Re1+ Kf8 27. Bc2 1-0

[Event "Avoine op 22nd"]
[Site "Avoine"]
[Date "2007.07.22"]
[Round "2"]
[White "Gastal, Laurent"]
[Black "Soyer, Jean Yves"]
[Result "0-1"]
[WhiteElo "1993"]
[BlackElo "2126"]
[PlyCount "122"]
[EventDate "2007.07.21"]
[EventType "swiss"]
[EventRounds "9"]
[EventCountry "FRA"]
[SourceTitle "EXT 2010"]
[Source "ChessBase"]
[SourceDate "2010.11.25"]
[SourceVersion "1"]
[SourceVersionDate "2010.11.25"]
[SourceQuality "1"]

1. e4 c5 2. c3 d6 3. d4 Qc7 4. Nf3 g6 5. Be3 Nf6 6. dxc5 dxc5 7. Nbd2 Bg7 8. Bc4 0-0 9. Qc2 Nc6 10. 0-0 b6 11. Rfe1 Bb7 12. Rad1 Rad8 13. Bg5 Nh5 14. Bh4 Ne5 15. Nxe5 Bxe5 16. Nf3 Bf6 17. Bxf6 exf6 18. Bd5 Nf4 19. c4 Bc8 20. Rd2 Bg4 21. Qc3 Qe7 22. Qe3 Ne6 23. Bxe6 Bxe6 24. b3 Rxd2 25. Qxd2 Rd8 26. Qh6 Bg4 27. Qf4 Bxf3 28. Qxf3 Rd2 29. a3 Qd6 30. g3 Qd4 31. Kg2 Kg7 32. a4 h5 33. h4 Rd3 34. Re3 Rd1 35. e5 fxe5 36. Rxe5 Rd3 37. Re3 Rxe3 38. Qxe3 Qxe3 39. fxe3 Kf6 40. Kf3 Ke5 41. g4 hxg4+ 42. Kxg4 f6 43. Kf3 f5 44. Kf2 Ke4 45. Ke2 f4 46. exf4 Kxf4 47. Kd3 a5 48. Ke2 Kg4 49. Ke3 Kxh4 50. Ke4 g5 51. Kd5 g4 52. Kc6 g3 53. Kxb6 g2 54. Kxa5 g1Q 55. Kb5 Qb1 56. Kxc5 Qxb3 57. a5 Qb7 58. Kd6 Qa6+ 59. Kd5 Kg5 60. c5 Kf6 61. c6 Ke7 0-1

[Event "Avoine op 21th"]
[Site "Avoine"]
[Date "2006.07.26"]
[Round "5"]
[White "Gastal, Laurent"]
[Black "Noirot, Florent"]
[Result "1-0"]
[WhiteElo "1989"]
[BlackElo "2122"]
[PlyCount "57"]
[EventDate "2006.07.22"]
[EventType "swiss"]
[EventRounds "9"]
[EventCountry "FRA"]
[SourceTitle "EXT 2007"]
[Source "ChessBase"]
[SourceDate "2006.11.23"]
[SourceVersion "1"]
[SourceVersionDate "2006.11.23"]
[SourceQuality "1"]

1. e4 c5 2. c3 e6 3. d4 d5 4. exd5 exd5 5. Nf3 Bd6 6. Bb5+ Nc6 7. dxc5 Bxc5 8. 0-0 Nge7 9. Bg5 f6 10. Bh4 0-0 11. Bd3 Bf5 12. Qc2 Qd7 13. Nbd2 Rac8 14. Bg3 Bb6 15. Bxf5 Nxf5 16. Qd3 Rfd8 17. Nb3 Nxg3 18. hxg3 Qg4 19. Rad1 Qxg3 20. Nbd4 Qg4 21. Rfe1 Re8 22. Nf5 Rxe1+ 23. Rxe1 Rd8 24. N3d4 Ne5 25. Qe2 Kf7 26. Qxg4 Nxg4 27. Re7+ Kg6 28. Rxg7+ Kh5 29. Ng3+ 1-0

[Event "Avoine op 20th"]
[Site "Avoine"]
[Date "2005.07.25"]
[Round "3"]
[White "Bodicker, Rob"]
[Black "Gastal, Laurent"]
[Result "1/2-1/2"]
[WhiteElo "2114"]
[BlackElo "1987"]
[PlyCount "83"]
[EventDate "2005.07.23"]
[EventType "swiss"]
[EventRounds "9"]
[EventCountry "FRA"]
[SourceTitle "EXT 2007"]
[Source "ChessBase"]
[SourceDate "2006.11.23"]
[SourceVersion "1"]
[SourceVersionDate "2006.11.23"]
[SourceQuality "1"]

1. d4 Nf6 2. c4 g6 3. Nc3 Bg7 4. e4 d6 5. h3 0-0 6. Bg5 h6 7. Be3 e5 8. d5 c6 9. Qd2 cxd5 10. cxd5 Kh7 11. Bd3 b6 12. g4 Na6 13. Nge2 Nc5 14. Bc2 Ba6 15. Ng3 Rc8 16. f3 Qd7 17. g5 Ng8 18. gxh6 Bxh6 19. Bxh6 Nxh6 20. h4 f6 21. 0-0-0 Na4 22. Nxa4 Qxa4 23. Kb1 Qc4 24. Bb3 Qc7 25. f4 Rg8 26. Rc1 Qd7 27. fxe5 Rxc1+ 28. Rxc1 fxe5 29. Bc4 Bxc4 30. Rxc4 Rc8 31. Rxc8 Qxc8 32. h5 Qg4 33. hxg6+ Kxg6 34. Qd3 Nf7 35. Nf5 Ng5 36. Ng3 Nf3 37. Ne2 Kf6 38. Kc1 Qg2 39. b3 Qf1+ 40. Qd1 Qg2 41. Qc2 Ng1 42. Nxg1 1/2-1/2

[Event "Orleans op"]
[Site "Orleans"]
[Date "2004.??.??"]
[Round "7"]
[White "Gastal, Laurent"]
[Black "Dodard, Herve"]
[Result "1/2-1/2"]
[WhiteElo "1860"]
[BlackElo "1690"]
[PlyCount "65"]
[EventDate "2004.12.??"]
[EventType "swiss"]
[EventRounds "9"]
[EventCountry "FRA"]
[SourceTitle "EXT 2007"]
[Source "ChessBase"]
[SourceDate "2006.11.23"]
[SourceVersion "1"]
[SourceVersionDate "2006.11.23"]
[SourceQuality "1"]

1. e4 e6 2. d4 d5 3. Nc3 Nf6 4. Bg5 Be7 5. e5 Nfd7 6. h4 a6 7. Qg4 c5 8. Bxe7 Qxe7 9. Qxg7 Qf8 10. Qxf8+ Rxf8 11. f4 cxd4 12. Nce2 Nc6 13. Nf3 f6 14. Nexd4 Nxd4 15. Nxd4 Ke7 16. Nf3 Nc5 17. Bd3 Nxd3+ 18. cxd3 fxe5 19. fxe5 h6 20. Rc1 Bd7 21. d4 Rac8 22. Kf2 Bb5 23. b3 Bd3 24. Ke3 Be4 25. Rhg1 Kd7 26. h5 Rxc1 27. Rxc1 Rf5 28. Rh1 Rf8 29. Rc1 Rf5 30. Rh1 Rf8 31. Nd2 Bf5 32. Rc1 Bg4 33. Rf1 1/2-1/2